000 00335nam a2200121Ia 4500
008 220216s9999 xx 000 0 und d
100 _aAbdul Rani Abdullah
245 0 _aPesticide formulations - Present trends and recent developments
260 _bPlanter
_c1993
300 _a13-Mar
650 _aPesticide formulations
942 _cJS
999 _c64841
_d64841